| 000 | 00557nam a2200205Ia 4500 | ||
|---|---|---|---|
| 003 | OSt | ||
| 005 | 20230516092945.0 | ||
| 008 | 210423s2012 xx 000 0 und d | ||
| 020 | _a9788130917108 | ||
| 040 | _cAL | ||
| 041 | _aeng | ||
| 082 |
_a574.192028 KUMA _223 |
||
| 100 |
_aKUMAR (Anil);others. _9104556 |
||
| 245 | _aBiochemical tests: principles and protocols. | ||
| 260 |
_aNew Delhi _bViva Books Pvt Ltd _c2012 |
||
| 300 |
_axv,404 _bHB |
||
| 365 |
_b895 _cINR |
||
| 906 | _aBiochemical ; principles ; protocols. ; tests: | ||
| 942 |
_2ddc _cBK |
||
| 999 |
_c164740 _d164740 |
||